000 01072cam a2200277 a 4500
001 000012138
005 20250715131054.0
008 000720s1997 ck a b 001 0 spa
020 _a9582003618
040 _aDO-SdBNP
_cDLC
082 _a372.357
_bT628p
100 1 _aTobasura Acuña, Isaías.
_d1956-
_928676
245 1 0 _aProyectos ambientales escolares :
_bestrategia para la formación ambiental /
_cIsaías Tobasura Acuña, Luz Elena Sepúlveda Gallego ; edicion, Mauricio Contreras Hernández.
260 _aSantafé de Bogotá, Colombia :
_bCooperativa Editorial Magisterio,
_c1997.
300 _a102 p. :
_bil. ;
_c25 cm.
490 1 _aAula abierta
504 _aIncluye referencias bibliográficas (p. 99-102).
650 0 _aEducación ambiental
_93422
650 4 _aMedio ambiente
_xEnseñanza
_928677
650 4 _aEcología
_xEnseñanza
_928678
700 1 _aSepulveda Gallego, Luz Elena.
_928679
700 1 _aContreras Hernández, Mauricio
_eed.
_928680
830 0 _aAula abierta ;
_928681
910 _aCatalogación por copia / LC
049 _aBNGR
999 _c11803
_d11803